000 00885nam a2200277 i 4500
001 11108
003 ES-MaACL
005 20230906150029.0
007 t|
008 921027s1992 sp |||| | spa j
020 _a84-7723-123-0
080 _a091 Exeter book
080 _a820-1"04/11":091
245 0 0 _aEnigmas anglosajones del Codex Exoniensis
_b: (selección bilingüe) /
_cBernardo Santano Moreno, Adrian Birtwistle.
260 _a[Badajoz] :
_bUniversidad de Extremadura,
_c1992.
300 _a245 p. ;
_c19 cm.
490 1 _aTextos UNEX ;
_v8
504 _aBibliografía: p. 231-245.
630 0 7 _aExeter book.
_9121494
650 4 _aPoesías inglesas-
_yS.V-XI.
_9168767
700 1 _aBirtwistle, Adrian.
_928989
700 1 _aSantano Moreno, Bernardo.
_9103344
830 0 _aTextos UNEX ;
_v8
_9178947
852 _aES-MaACL
_jL-18390
999 _c11108
_d11108